Movies Quiz

Random Movies or Letter Quiz

Top Grossing 'B' Movies Quiz Stats

 Plays Quiz Updated Jan 2, 2019

Score 0/21 Timer 05:00
1 Play Today
% Correct
Batman
99.3%
Batman v Superman: Dawn of Justice
93.6%
A Bug's Life
91.9%
Brave
90%
Black Swan
89.7%
Back to the Future
89.6%
Black Panther
88.5%
The Boss Baby
85.8%
Beauty and the Beast (2017)
84.2%
Back to the Future Part II
84.1%
Beauty and the Beast (1991)
82%
% Correct
Batman Begins
81.2%
Bruce Almighty
74.4%
Big Hero 6
74.1%
The Bourne Ultimatum
70.5%
Batman Forever
70.2%
Bohemian Rhapsody
66.5%
Beverly Hills Cop
65%
A Beautiful Mind
62.6%
Basic Instinct
52.9%
The Bodyguard
42%

You're not logged in!

Compare scores with friends on all Sporcle quizzes.
OR
Log In

Show Comments

Extras

Top Quizzes Today


Score Distribution

Your Account Isn't Verified!

In order to create a playlist on Sporcle, you need to verify the email address you used during registration. Go to your Sporcle Settings to finish the process.

Report this User

Report this user for behavior that violates our Community Guidelines.

Details: